Statistics for Manchester City squad 2012-13 (First half)

Click here to take the quiz!

General Stats

  • This quiz has been taken 95 times
  • The average score is 18 of 40

Answer Stats

NUMBER ORDER% Correct
Aguero
95%
Hart
91%
Kompany
91%
Dzeko
90%
Silva
84%
Tevez
83%
Nasri
80%
Balotelli
79%
Kolarov
78%
Yaya Toure
78%
Lescott
78%
Milner
77%
Clichy
77%
Richards
76%
Barry
73%
Zabaleta
73%
Wright
73%
Pantilimon
54%
Nastasic
52%
Sinclair
50%
Maicon
49%
Rodwell
46%
Garcia
46%
Razak
27%
Guidetti
26%
Suarez
23%
Boyata
21%
Rekik
15%
Nimley
5%
Huws
5%
Meppen-Walter
4%
Wabara
4%
Johansen
4%
Scapuzzi
4%
Rusnak
2%
Helan
2%
Nielsen
2%
Drury
1%
Kennedy
0%
Henshall
0%

Score Distribution

Percentile by Number Answered

Percent of People with Each Score

Your Score History

You have not taken this quiz